Pays plus riche que la France - Statistiques

Statistiques générales
  • Ce quiz a été pris 297 fois
  • Le résultat moyen est 6 sur 6
Statistiques - réponses
Rang PIB total en milliard de $ Réponse % Correct
1 25 346,81 États-Unis
99%
2 19 911,59 Chine
98%
3 4 912,15 Japon
93%
4 4 256,54 Allemagne
92%
5 3 376,00 Royaume-Uni
88%
6 3 291,40 Inde
82%
Aucun quiz correspondant
Distribution des résultats
% des personnes avec chaque résultat
Percentile par nombre de réponses
Votre historique - résultats
Vous n’avez pas pris ce quiz